000 00753nam a2200229Ia 4500
003 OSt
005 20220925202838.0
006 a|||||r|||| 00| 0
007 ta
008 220923b |||||||| |||| 00| 0 eng d
037 _cGeneral Book
040 _aRTL
_cRTL
_beng
041 _2eng
_aeng
245 0 _aAnalysis of financial statements
_b A study of sele
260 _aDelhi
_bUniversity of Delhi
_c1985
300 _a132p Bibliography: P 131-132
_ccm.
490 _aUniversity of Delhi, Commerce and Business (Faculty of-), Dissertation. Dissertation, University of Delhi, Commerce and Business (Faculty of-
650 _a TEXTILE
_9230941
650 _aINDUSTRIAL ECONOMICS
942 _cGB
_2CC
999 _c544359
_d544359